Statistics for Countries with the closest to 0% change in population

Click here to take the quiz!

General Stats

  • This quiz has been taken 21 times
  • The average score is 9 of 20

Answer Stats

%Country% Correct
+0.03Vatican City
80%
-0.12Japan
60%
-0.08Moldova
55%
+0.15Slovenia
55%
-0.13Bosnia and Herzegovina
55%
+0.04Russia
55%
+0.07Slovakia
50%
+0.07Czech Republic
50%
+0.07Italy
50%
+0.02Poland
50%
+0.16Macedonia
45%
+0.01Belarus
45%
-0.04Albania
45%
+0.06Germany
40%
+0.12Montenegro
40%
+0.18Tuvalu
35%
+0.14Cuba
25%
+0.16Federated States of Micronesia
25%
+0.03Saint Vincent and the Grenadines
15%
+0.04Libya
5%

Score Distribution

Percentile by Number Answered

Percent of People with Each Score

Your Score History

You have not taken this quiz